The complete works of William Shakespeare
Đã lưu trong:
| 主要作者: | |
|---|---|
| 格式: | 图书 |
| 语言: | Undetermined |
| 出版: |
London
Bantam Books
1980
|
| 主题: | |
| 标签: |
添加标签
没有标签, 成为第一个标记此记录!
|
| Thư viện lưu trữ: | Trung tâm Học liệu Trường Đại học Cần Thơ |
|---|
| LEADER | 00564nam a2200193Ia 4500 | ||
|---|---|---|---|
| 001 | CTU_194829 | ||
| 008 | 210402s9999 xx 000 0 und d | ||
| 082 | |a 822.33 | ||
| 082 | |b S527/Vol.4 | ||
| 100 | |a Shakespeare, William | ||
| 245 | 4 | |a The complete works of William Shakespeare | |
| 245 | 0 | |c William Shakespeare | |
| 260 | |a London | ||
| 260 | |b Bantam Books | ||
| 260 | |c 1980 | ||
| 650 | |a English drama,Tiểu thuyết Anh | ||
| 650 | |y 17th century,Thế kỷ 17 | ||
| 904 | |i Tuyến | ||
| 980 | |a Trung tâm Học liệu Trường Đại học Cần Thơ | ||